| 000 | 01034cad a22002415a 4500 | ||
|---|---|---|---|
| 001 | E148607 | ||
| 008 | 091012s2009 xxk f 000 0 eng u | ||
| 020 | _a9781842195321 | ||
| 035 | _a(Sirsi) u148607 | ||
| 041 | 0 | _aeng | |
| 050 | 0 | 4 | _a380.1 $2 18 |
| 110 | 2 |
_aRoyal Institution of Chartered Surveyors _bReal Estate Auction Group _94349 |
|
| 245 | 0 | 0 |
_aConditions of appointment _bthe impact of consumer law _h[electronic resource] |
| 250 | _a2nd ed. | ||
| 260 |
_aLondon _bRICS _c2009 |
||
| 520 | _aThis note briefly summarises consumer law relevant to property auctions, particularly to conditions of appointment; highlights examples of typical clauses in a conditions of appointment which are likely to be affected; and suggests model alternative clauses. | ||
| 521 | _aAdvanced | ||
| 590 | _aKA | ||
| 651 | 4 |
_aUnited Kingdom _y |
|
| 690 |
_aAuctioneering _96218 |
||
| 856 | 4 | 0 |
_uhttps://www.rics.org/site/scripts/download_info.aspx?downloadID=3524&fileID=4033 _zView the item free of charge at www.rics.org... |
| 942 | _n0 | ||
| 999 |
_c110127 _d110127 |
||